[Event "OHS 2018"]
[Site "?"]
[Date "2018.02.19"]
[Round "3.2"]
[White "Finke, Dominik"]
[Black "Wolff, Christoph"]
[Result "1/2-1/2"]
[WhiteElo "1997"]
[BlackElo "1948"]
[PlyCount "113"]
[EventDate "2018.??.??"]
[WhiteTeam "SG Bochum 1931"]
[BlackTeam "SC Buer-Hassel 1919 e.V."]

1. c4 e5 2. g3 Nc6 3. Bg2 Nf6 4. Nc3 Bc5 5. Nf3 a6 6. O-O d6 7. d3 h6 8. a3 O-O
9. b4 Ba7 10. Bb2 Be6 11. Rc1 Qd7 12. e3 Bg4 13. Qc2 Rae8 14. Nd5 Nh7 15. Qd2
Nd8 16. d4 c6 17. Nc3 e4 18. Nxe4 Rxe4 19. Ne5 Rxe5 20. dxe5 dxe5 21. Qxd7 Bxd7
22. Bxe5 Re8 23. Bd6 Nf6 24. Rcd1 Bg4 25. Rd2 Ne6 26. c5 Ng5 27. f3 Bh3 28.
Bxh3 Nxh3+ 29. Kg2 Ng5 30. e4 Ne6 31. Be5 Nh7 32. f4 Nhf8 33. Bd6 Bb8 34. Bxf8
Kxf8 35. e5 Ke7 36. f5 Rd8 37. Rd6 Nf8 38. f6+ gxf6 39. Rdxf6 Rd2+ 40. Kh3 Nd7
41. Rxf7+ Ke6 42. Rh7 Bxe5 43. Rxh6+ Nf6 44. Rf3 Ke7 45. Re3 Ke6 46. Rg6 Kf7
47. Rg5 Bd4 48. Re1 Bb2 49. Rf5 Bxa3 50. Ref1 Bb2 51. g4 Kg6 52. g5 Ne4 53. Rf8
Nxg5+ 54. Kg4 Rg2+ 55. Kh4 Rxh2+ 56. Kg4 Rg2+ 57. Kh4 1/2-1/2

[Event "OHS 2018"]
[Site "?"]
[Date "2018.02.19"]
[Round "3.3"]
[White "Kükenbrink, Christopher"]
[Black "Quast, Marcel"]
[Result "1/2-1/2"]
[WhiteElo "1897"]
[BlackElo "2203"]
[PlyCount "29"]
[EventDate "2018.??.??"]
[WhiteTeam "SV Günnigfeld 1922 e.V"]
[BlackTeam "SC Gerthe 46 - Werne"]

1. Nf3 d6 2. d4 Nf6 3. c4 g6 4. g3 Bg7 5. Bg2 O-O 6. O-O c5 7. dxc5 dxc5 8. Ne5
Nfd7 9. Nd3 Qc7 10. Nc3 Bxc3 11. bxc3 Nc6 12. Qa4 a6 13. Rb1 Nb6 14. Qb3 Nd7
15. Qa4 1/2-1/2

[Event "OHS 2018"]
[Site "?"]
[Date "2018.02.19"]
[Round "3.4"]
[White "Friedrich, Patrick"]
[Black "Gasper, Jörn"]
[Result "1/2-1/2"]
[WhiteElo "1940"]
[BlackElo "2013"]
[PlyCount "54"]
[EventDate "2018.??.??"]
[WhiteTeam "SC Weiße Dame Borbeck 25"]
[BlackTeam "SV Waltrop 1922 e.V."]

1. d4 d5 2. c4 c6 3. Nf3 Nf6 4. Nc3 dxc4 5. a4 a5 6. e3 Bg4 7. Bxc4 e6 8. Qb3
Bb4 9. Ne5 Bf5 10. O-O Na6 11. f3 Nd7 12. Rd1 Nxe5 13. dxe5 Qb6 14. Bxa6 Rxa6
15. Kf1 Bc5 16. Qxb6 Rxb6 17. e4 Bg6 18. Ke1 Ke7 19. Rd3 f6 20. Kd1 Rd8 21.
exf6+ gxf6 22. Rxd8 Kxd8 23. Kc2 Ke7 24. Ne2 Ra6 25. Bd2 Ra8 26. Bc3 Bb6 27.
Nf4 Bc7 1/2-1/2

[Event "OHS 2018"]
[Site "?"]
[Date "2018.02.19"]
[Round "3.5"]
[White "Ponto, Michael"]
[Black "Czarnik, Jozef"]
[Result "1/2-1/2"]
[WhiteElo "1666"]
[BlackElo "1892"]
[PlyCount "63"]
[EventDate "2018.??.??"]
[WhiteTeam "SV Horst-Emscher 31"]
[BlackTeam "SV Königsspringer Halt"]

1. c4 e5 2. Nc3 f5 3. e4 d6 4. Nf3 fxe4 5. Nxe4 Be7 6. d4 exd4 7. Nxd4 Nf6 8.
Bd3 O-O 9. O-O Ng4 10. f4 d5 11. cxd5 Qxd5 12. Bc2 Kh8 13. h3 Rd8 14. hxg4
Qxd4+ 15. Qxd4 Rxd4 16. Be3 Rb4 17. f5 Nc6 18. Rad1 Rxb2 19. Bb3 Re2 20. Rde1
Rxe1 21. Rxe1 Bd7 22. Nc5 Bxc5 23. Bxc5 b6 24. Ba3 Nd4 25. Re7 Rd8 26. Bf7 c5
27. Bc1 Bb5 28. Bg5 h6 29. Bh4 Nc6 30. Rc7 Rf8 31. Bd5 Nb4 32. Be6 1/2-1/2

[Event "OHS 2018"]
[Site "?"]
[Date "2018.02.19"]
[Round "3.6"]
[White "Demond, Ricardo"]
[Black "Zettl, Thomas"]
[Result "0-1"]
[WhiteElo "1655"]
[BlackElo "1889"]
[PlyCount "46"]
[EventDate "2018.??.??"]
[WhiteTeam "SC Buer-Hassel 1919 e.V."]
[BlackTeam "SF Moers e.V."]

1. e4 g6 2. Nf3 Bg7 3. d4 d6 4. Bc4 Nf6 5. Nc3 O-O 6. O-O Nc6 7. a3 Bg4 8. Be3
Nxe4 9. Nxe4 d5 10. Bd3 dxe4 11. Bxe4 Nxd4 12. Bxd4 Bxf3 13. Qxf3 Qxd4 14. Bxb7
Rab8 15. Rab1 Qb6 16. Bd5 Bxb2 17. Bb3 Qf6 18. Qe3 Bd4 19. Qg3 Bb6 20. Rfd1
Rbd8 21. h4 h5 22. Kh1 Rxd1+ 23. Rxd1 Bxf2 0-1

[Event "OHS 2018"]
[Site "?"]
[Date "2018.02.19"]
[Round "3.7"]
[White "Hoffmann, Klaus"]
[Black "Schmidt, Ralph"]
[Result "0-1"]
[WhiteElo "1636"]
[BlackElo "1869"]
[PlyCount "52"]
[EventDate "2018.??.??"]
[WhiteTeam "SG Höntrop 1947"]
[BlackTeam "SV Bochum-Linden-Dahlh"]

1. e4 e5 2. f4 exf4 3. Nf3 Nf6 4. Nc3 Bb4 5. e5 Nh5 6. Bc4 O-O 7. O-O d6 8. d4
Bxc3 9. bxc3 d5 10. Bb3 g5 11. c4 c6 12. cxd5 cxd5 13. c4 dxc4 14. Bxc4 g4 15.
Ba3 gxf3 16. Qxf3 Qxd4+ 17. Kh1 Qxc4 18. Bxf8 Kxf8 19. Rac1 Qe6 20. Qxh5 Nc6
21. Rxf4 Qg6 22. Qh4 Be6 23. Rcf1 Bd5 24. Rg4 Qd3 25. Qf6 Rd8 26. Rgf4 Qg6 0-1

[Event "OHS 2018"]
[Site "?"]
[Date "2018.02.19"]
[Round "3.8"]
[White "Boxberg, Marc"]
[Black "Funke, Eckhard"]
[Result "1-0"]
[WhiteElo "1634"]
[BlackElo "1764"]
[PlyCount "52"]
[EventDate "2018.??.??"]
[WhiteTeam "SVigung Marten-Bövingh"]
[BlackTeam "SV Günnigfeld 1922 e.V"]

1. e4 c5 2. c3 Nc6 3. d4 cxd4 4. cxd4 d5 5. exd5 Qxd5 6. Nf3 Bg4 7. Nc3 Qd8 8.
d5 Nb8 9. Qa4+ Bd7 10. Bb5 a6 11. Bf4 f6 12. O-O g5 13. Bg3 Kf7 14. Bxd7 Qxd7
15. Qb3 h5 16. Rfe1 h4 17. Bc7 b5 18. d6+ Kg7 19. Nd5 exd6 20. Nd4 Nc6 21. Ne6+
Kh6 22. Nb6 Qe8 23. Nxf8 Qxf8 24. Nxa8 Qxa8 25. Bxd6 Nd4 26. Qf7 g4 1-0

[Event "OHS 2018"]
[Site "?"]
[Date "2018.02.19"]
[Round "3.9"]
[White "Koch, Burkhard"]
[Black "Illner, Jan"]
[Result "1-0"]
[WhiteElo "1752"]
[BlackElo "1473"]
[PlyCount "39"]
[EventDate "2018.??.??"]
[WhiteTeam "SG Höntrop 1947"]
[BlackTeam "SG Bochum 1931"]

1. e4 e6 2. d4 d5 3. Nc3 Bb4 4. e5 c5 5. a3 Bxc3+ 6. bxc3 c4 7. Qg4 g6 8. Nf3
h6 9. Be2 Bd7 10. O-O Ba4 11. Bd1 Nc6 12. Nh4 g5 13. f4 Qa5 14. Bd2 Nxd4 15.
fxg5 Nxc2 16. Bxc2 Bxc2 17. g6 Qc5+ 18. Kh1 Bxg6 19. Nxg6 h5 20. Qf3 1-0

[Event "OHS 2018"]
[Site "?"]
[Date "2018.02.19"]
[Round "3.10"]
[White "Gregoritsch, Dirk"]
[Black "Bacaksiz, Bilal"]
[Result "0-1"]
[WhiteElo "1725"]
[BlackElo "1515"]
[PlyCount "76"]
[EventDate "2018.??.??"]
[WhiteTeam "SC Doppelbauer Brambauer"]
[BlackTeam "SF Springer Bochum 19"]

1. Nf3 d5 2. g3 c6 3. Bg2 Nf6 4. d4 Bf5 5. O-O e6 6. Nbd2 Bd6 7. c4 h6 8. a4
Nbd7 9. a5 O-O 10. Qa4 a6 11. c5 Bc7 12. b4 e5 13. dxe5 Nxe5 14. Bb2 Nxf3+ 15.
Nxf3 Re8 16. Rfe1 Ng4 17. Rad1 Nf6 18. Qa1 Qe7 19. Bd4 Bc2 20. Rc1 Bf5 21. h3
Rad8 22. g4 Be4 23. Qc3 Rf8 24. Qb2 Ne8 25. Rc3 f5 26. gxf5 Rxf5 27. Qc1 Nf6
28. Kh1 Nh5 29. Rg1 Nf4 30. Bf1 Rh5 31. Rxg7+ Qxg7 32. Bxg7 Kxg7 33. Qd2 Rg8
34. Re3 Nxh3 35. Bxh3 Rxh3+ 36. Kg1 Kf8+ 37. Kf1 Rh1+ 38. Ng1 Rgxg1# 0-1

[Event "OHS 2018"]
[Site "?"]
[Date "2018.02.19"]
[Round "3.11"]
[White "Müller-Kreth, Kai"]
[Black "Hoffmann, Gary"]
[Result "1/2-1/2"]
[WhiteElo "1816"]
[BlackElo "1574"]
[PlyCount "96"]
[EventDate "2018.??.??"]
[WhiteTeam "SK Sodingen/Castrop 24/23 e.V."]
[BlackTeam "SG Höntrop 1947"]

1. c4 d6 2. d4 e5 3. dxe5 dxe5 4. Qxd8+ Kxd8 5. Nc3 c6 6. Nf3 f6 7. b3 Be6 8.
Bb2 Nd7 9. O-O-O Kc7 10. e3 a5 11. Bd3 Bb4 12. a3 Be7 13. Bc2 Nh6 14. Rd2 Nf7
15. Rhd1 Nb6 16. h3 h6 17. a4 Rhd8 18. Nh4 Rxd2 19. Rxd2 Rd8 20. Nf5 Rxd2 21.
Kxd2 Bf8 22. Ne2 Nd6 23. Neg3 Nxf5 24. Nxf5 Nc8 25. Bc3 b6 26. f4 exf4 27. exf4
Nd6 28. Nd4 Bf7 29. g4 c5 30. Nf3 Be7 31. f5 Be8 32. Ke3 Nf7 33. h4 Bc6 34. Be4
Bxe4 35. Kxe4 Nd6+ 36. Kd5 Kd7 37. h5 Ne8 38. Bd2 Bd6 39. Ne1 Nc7+ 40. Ke4 Kc6
41. Nd3 Kd7 42. Bf4 Kc6 43. Bxd6 Kxd6 44. Nf4 Kc6 45. Ne6 Ne8 46. Kf4 Kd6 47.
Ke4 Kc6 48. Nd8+ Kd6 1/2-1/2

[Event "OHS 2018"]
[Site "?"]
[Date "2018.02.19"]
[Round "3.12"]
[White "Lojack, Rouven"]
[Black "Kleinert, Andreas"]
[Result "1/2-1/2"]
[WhiteElo "1476"]
[BlackElo "1779"]
[PlyCount "57"]
[EventDate "2018.??.??"]
[WhiteTeam "SV Königsspringer Halt"]
[BlackTeam "SF Gelsenkirchen 2002"]

1. e4 d6 2. d4 Nf6 3. Nc3 g6 4. Nf3 Bg7 5. Bc4 c5 6. dxc5 Qa5 7. O-O Qxc5 8.
Bb3 O-O 9. h3 Nc6 10. Rb1 Bd7 11. Re1 Rad8 12. Nd5 Nxd5 13. exd5 Ne5 14. Be3
Nxf3+ 15. Qxf3 Qc7 16. c3 e5 17. dxe6 Bxe6 18. Bd5 Bxd5 19. Qxd5 b6 20. c4 Rfe8
21. b3 Re5 22. Qd2 Rde8 23. Bf4 R5e6 24. Rxe6 Rxe6 25. Rd1 Bf8 26. Qd5 Qe7 27.
Be3 Bg7 28. Qa8+ Bf8 29. Bh6 1/2-1/2

[Event "OHS 2018"]
[Site "?"]
[Date "2018.02.19"]
[Round "3.13"]
[White "Rath, Michael"]
[Black "Jaruschowitz, Roman"]
[Result "1-0"]
[WhiteElo "1647"]
[BlackElo "1383"]
[PlyCount "99"]
[EventDate "2018.??.??"]
[WhiteTeam "SV Königsspringer Halt"]
[BlackTeam "SK Sodingen/Castrop 24/23 e.V."]

1. d4 Nf6 2. Nf3 d5 3. Bf4 e6 4. c4 c6 5. e3 Bb4+ 6. Nc3 Nbd7 7. Be2 Qa5 8. Qb3
Ne4 9. Rc1 Nxc3 10. bxc3 Ba3 11. Rc2 Be7 12. O-O O-O 13. Rb1 Nf6 14. Ne5 Re8
15. h3 g6 16. c5 Kg7 17. a4 h6 18. f3 Nh5 19. Bh2 Bg5 20. Kf2 Bd8 21. Rcb2 Nf6
22. Qc2 Re7 23. Bd3 Nd7 24. c4 Bc7 25. cxd5 exd5 26. Ng4 h5 27. Rb5 cxb5 28.
Rxb5 hxg4 29. Rxa5 Bxa5 30. hxg4 Nf8 31. Qb3 Be6 32. Bd6 Rd7 33. Bb5 Rxd6 34.
cxd6 a6 35. Be2 b6 36. f4 f5 37. gxf5 gxf5 38. Bf3 Rc8 39. Bxd5 Rc3 40. Qa2 Kf6
41. Bxe6 Nxe6 42. Qd5 Nd8 43. Qe5+ Kg6 44. Qe8+ Nf7 45. Qe6+ Kg7 46. Qxf5 Rc6
47. d7 Rd6 48. g4 Rf6 49. Qd5 Rg6 50. d8=Q 1-0

[Event "OHS 2018"]
[Site "?"]
[Date "2018.02.19"]
[Round "3.14"]
[White "Gausmann, Thomas"]
[Black "Buchhop, Rainer"]
[Result "1-0"]
[WhiteElo "1643"]
[BlackElo "1317"]
[PlyCount "75"]
[EventDate "2018.??.??"]
[WhiteTeam "SG Bochum 1931"]
[BlackTeam "SV Unser Fritz Wanne-E"]

1. e4 c5 2. Nc3 Nc6 3. f4 e6 4. Nf3 d5 5. Bb5 d4 6. Bxc6+ bxc6 7. Ne2 Nf6 8. d3
Nd7 9. O-O Be7 10. Ng3 Qc7 11. Nh5 Rg8 12. Ne5 Nf6 13. Bd2 g6 14. Nxf6+ Bxf6
15. Nc4 Be7 16. f5 e5 17. Qf3 f6 18. fxg6 hxg6 19. Ba5 Qb8 20. Rf2 Be6 21. b3
Kd7 22. Bd2 g5 23. Qg3 Rh8 24. Raf1 Qg8 25. Rxf6 Bxc4 26. dxc4 Bxf6 27. Rxf6
Re8 28. Qg4+ Kc7 29. Ba5+ Kb8 30. Qd7 Rh7 31. Bc7+ Kb7 32. Qxc6+ Kc8 33. Bxe5+
Kd8 34. Rd6+ Ke7 35. Rd7+ Kf8 36. Bd6+ Ree7 37. Qc8+ Kf7 38. Rxe7+ 1-0

[Event "OHS 2018"]
[Site "?"]
[Date "2018.02.26"]
[Round "4.1"]
[White "Wolff, Christoph"]
[Black "Hahn, Matthias"]
[Result "1/2-1/2"]
[WhiteElo "1948"]
[BlackElo "2065"]
[PlyCount "64"]
[EventDate "2018.??.??"]
[WhiteTeam "SC Buer-Hassel 1919 e.V."]
[BlackTeam "SV Bochum-Linden-Dahlh"]

1. e4 e5 2. Nf3 Nc6 3. d4 exd4 4. Nxd4 Nf6 5. Nxc6 bxc6 6. Bd3 d5 7. e5 Ng4 8.
O-O Bc5 9. Bf4 g5 10. Bg3 h5 11. h3 h4 12. Bh2 Nxh2 13. Kxh2 Qe7 14. c3 Qxe5+
15. Kh1 Be6 16. Qa4 Kd7 17. Nd2 Bd6 18. f4 Qe3 19. f5 Qxd2 20. fxe6+ fxe6 21.
Rf7+ Be7 22. Bb5 Qxb2 23. Bxc6+ Kd6 24. Rd1 Raf8 25. Rxf8 Rxf8 26. Be8 Rxe8 27.
Qxe8 Qxc3 28. Rf1 Qc6 29. Qc8 d4 30. Re1 Qd5 31. Qa6+ Kd7 32. Qa4+ Kd6 1/2-1/2

[Event "OHS 2018"]
[Site "?"]
[Date "2018.02.26"]
[Round "4.2"]
[White "Eckert, Marius"]
[Black "Kükenbrink, Christopher"]
[Result "1-0"]
[WhiteElo "1979"]
[BlackElo "1897"]
[PlyCount "51"]
[EventDate "2018.??.??"]
[WhiteTeam "SV Waltrop 1922 e.V."]
[BlackTeam "SV Günnigfeld 1922 e.V"]

1. d4 Nf6 2. Bf4 g6 3. Nc3 d5 4. e3 Bg7 5. h4 c5 6. Nb5 Na6 7. c3 Qb6 8. Nf3 c4
9. a4 Bd7 10. b3 Bxb5 11. axb5 Qxb5 12. bxc4 dxc4 13. Nd2 Qb2 14. Qa4+ Kf8 15.
Bxc4 Qxc3 16. Ke2 Qb4 17. Qa2 e6 18. Rhb1 Qe7 19. Bxa6 bxa6 20. Qxa6 Ne8 21.
Nf3 Bf6 22. Rb7 Qd8 23. Ne5 Bxe5 24. Bxe5 f6 25. Qxe6 fxe5 26. Qf7# 1-0

[Event "OHS 2018"]
[Site "?"]
[Date "2018.02.26"]
[Round "4.3"]
[White "Gasper, Jörn"]
[Black "Finke, Dominik"]
[Result "1-0"]
[WhiteElo "2013"]
[BlackElo "1997"]
[PlyCount "89"]
[EventDate "2018.??.??"]
[WhiteTeam "SV Waltrop 1922 e.V."]
[BlackTeam "SG Bochum 1931"]

1. e4 e5 2. Bc4 Nc6 3. Nf3 Bc5 4. d3 Nf6 5. O-O d6 6. c3 a6 7. Nbd2 O-O 8. Bb3
Ne7 9. Re1 Ng6 10. Nf1 Ba7 11. h3 Be6 12. Ng3 h6 13. Bd2 Re8 14. Bxe6 fxe6 15.
Qb3 Rb8 16. Rad1 Kh7 17. d4 exd4 18. cxd4 Qe7 19. Qc2 e5 20. Nf5 Qf7 21. d5
Rec8 22. g4 Ne7 23. N3h4 Nfg8 24. Qc1 g6 25. Ne3 Qf6 26. Nhg2 Qf3 27. Kh2 Nf6
28. Nh4 Qf4+ 29. Kg2 Nxe4 30. Re2 Nxd2 31. Rdxd2 Kg7 32. Kg1 Bd4 33. Rd3 Qf6
34. Nhg2 Qf7 35. g5 h5 36. f4 Bxe3+ 37. Rdxe3 Nxd5 38. Rf3 Nxf4 39. Nxf4 exf4
40. Rxf4 Qd7 41. Qc3+ Kg8 42. Rf6 Qg7 43. Ree6 Kh8 44. Re7 Qxe7 45. Rf8+ 1-0

[Event "OHS 2018"]
[Site "?"]
[Date "2018.02.26"]
[Round "4.4"]
[White "Quast, Marcel"]
[Black "Koch, Burkhard"]
[Result "1-0"]
[WhiteElo "2203"]
[BlackElo "1752"]
[PlyCount "95"]
[EventDate "2018.??.??"]
[WhiteTeam "SC Gerthe 46 - Werne"]
[BlackTeam "SG Höntrop 1947"]

1. e4 e6 2. d4 d5 3. Nd2 Nf6 4. e5 Nfd7 5. Bd3 c5 6. c3 Nc6 7. Ngf3 cxd4 8.
cxd4 f6 9. exf6 Nxf6 10. Ne5 Bd6 11. Ndf3 O-O 12. O-O Bxe5 13. dxe5 Ne4 14.
Bxe4 dxe4 15. Ng5 Qxd1 16. Rxd1 Nxe5 17. Nxe4 Ng4 18. h3 Nf6 19. Nxf6+ gxf6 20.
Bh6 Re8 21. Rac1 Kf7 22. Rc7+ Re7 23. Rdc1 Rxc7 24. Rxc7+ Kg6 25. Bf8 h5 26.
Rg7+ Kf5 27. Rh7 e5 28. Rxh5+ Kg6 29. Rh6+ Kf7 30. Bb4 Bf5 31. Bc3 Bg6 32. Rh4
Rd8 33. Rb4 Rd7 34. g4 Bd3 35. f4 e4 36. Kf2 f5 37. Ke3 b5 38. gxf5 a5 39. Rd4
Rxd4 40. Bxd4 Bc2 41. h4 Bb1 42. a3 a4 43. h5 Kg8 44. h6 Kh7 45. Bg7 Bd3 46. f6
Bc4 47. Kxe4 Kg8 48. Ke5 1-0

[Event "OHS 2018"]
[Site "?"]
[Date "2018.02.26"]
[Round "4.5"]
[White "Schmidt, Ralph"]
[Black "Friedrich, Patrick"]
[Result "1-0"]
[WhiteElo "1869"]
[BlackElo "1940"]
[PlyCount "57"]
[EventDate "2018.??.??"]
[WhiteTeam "SV Bochum-Linden-Dahlh"]
[BlackTeam "SC Weiße Dame Borbeck 25"]

1. e4 c5 2. Nc3 g6 3. d3 Bg7 4. Be3 d6 5. d4 cxd4 6. Bxd4 Nf6 7. Nd5 Nbd7 8.
Bb5 O-O 9. Bxd7 Nxd7 10. Bxg7 Kxg7 11. Ne2 Nc5 12. O-O Nxe4 13. Qd4+ Nf6 14.
Nxf6 e5 15. Nh5+ gxh5 16. Qd3 f5 17. Rad1 Rf6 18. Ng3 Qe8 19. Qf3 Kh8 20. Ne4
Rg6 21. Nxd6 Qf8 22. Qd5 e4 23. Qe5+ Kg8 24. Rd5 Be6 25. Nxf5 Re8 26. Nd6 Rxg2+
27. Kxg2 Bh3+ 28. Kxh3 Rxe5 29. Rg1+ 1-0

[Event "OHS 2018"]
[Site "?"]
[Date "2018.02.26"]
[Round "4.6"]
[White "Bacaksiz, Bilal"]
[Black "Zettl, Thomas"]
[Result "0-1"]
[WhiteElo "1515"]
[BlackElo "1889"]
[PlyCount "88"]
[EventDate "2018.??.??"]
[WhiteTeam "SF Springer Bochum 19"]
[BlackTeam "SF Moers e.V."]

1. d4 g6 2. Bf4 Bg7 3. e3 d6 4. Nf3 c5 5. c3 Qb6 6. Qc1 Nf6 7. h3 Nc6 8. Be2
O-O 9. O-O Bf5 10. Nbd2 Na5 11. Nh4 Be6 12. Nhf3 Rac8 13. dxc5 dxc5 14. Qc2
Rfd8 15. Ne5 c4 16. e4 Nd7 17. Nef3 a6 18. Be3 Qc7 19. Nd4 Nf8 20. f4 Bd7 21.
e5 b5 22. N2f3 Ne6 23. Rad1 Nxd4 24. Nxd4 Nc6 25. Bf3 Nxd4 26. Bxd4 Bc6 27. Qe2
Qb7 28. Bxc6 Qxc6 29. f5 gxf5 30. Rxf5 Qg6 31. Rdf1 Rf8 32. R5f4 Qe6 33. Rg4
Kh8 34. Rf3 Rg8 35. Rfg3 Rcf8 36. Rg5 f6 37. R5g4 fxe5 38. Bxe5 Qxe5 39. Qxe5
Bxe5 40. Rxg8+ Rxg8 41. Rf3 Rg7 42. Rf1 Kg8 43. Re1 Bd6 44. Re2 Kf8 0-1

[Event "OHS 2018"]
[Site "?"]
[Date "2018.02.26"]
[Round "4.7"]
[White "Czarnik, Jozef"]
[Black "Müller-Kreth, Kai"]
[Result "1-0"]
[WhiteElo "1892"]
[BlackElo "1816"]
[PlyCount "79"]
[EventDate "2018.??.??"]
[WhiteTeam "SV Königsspringer Halt"]
[BlackTeam "SK Sodingen/Castrop 24/23 e.V."]

1. e4 c5 2. Nf3 d6 3. c3 Nc6 4. Be2 Nf6 5. d4 cxd4 6. cxd4 Nxe4 7. d5 Qa5+ 8.
Nc3 Nxc3 9. bxc3 Ne5 10. O-O Nxf3+ 11. Bxf3 Qxc3 12. Be3 Bd7 13. Bd4 Qa5 14.
Qb3 b5 15. Rfe1 Kd8 16. Qe3 f6 17. Rec1 h5 18. h4 g6 19. Re1 Rh7 20. Qe2 Qa4
21. Qb2 Rf7 22. Be4 f5 23. Bc2 Qa6 24. Re3 Be8 25. Rd1 Rh7 26. Rc3 Qb7 27. a4
b4 28. a5 Qxd5 29. Qxb4 Qb5 30. Qa3 Bd7 31. Rb1 Qd5 32. Rd3 Qc4 33. Qb2 Qa6 34.
Rb3 Ke8 35. Rb8+ Rxb8 36. Qxb8+ Kf7 37. Rb7 Be6 38. Rxa7 Qc4 39. Ra8 Bg7 40.
Qe8# 1-0

[Event "OHS 2018"]
[Site "?"]
[Date "2018.02.26"]
[Round "4.8"]
[White "Funke, Eckhard"]
[Black "Ponto, Michael"]
[Result "1-0"]
[WhiteElo "1764"]
[BlackElo "1666"]
[PlyCount "106"]
[EventDate "2018.??.??"]
[WhiteTeam "SV Günnigfeld 1922 e.V"]
[BlackTeam "SV Horst-Emscher 31"]

1. d4 d5 2. c4 c6 3. Nc3 Nf6 4. Nf3 g6 5. e3 Bg7 6. Be2 O-O 7. O-O Nbd7 8. b3
Re8 9. Bb2 dxc4 10. Bxc4 Nb6 11. Be2 Bf5 12. Rc1 Ne4 13. Nxe4 Bxe4 14. Nd2 Bd5
15. Bf3 Bxf3 16. Nxf3 Rc8 17. Qc2 e6 18. Rfd1 Qe7 19. a3 Rc7 20. Qd2 Rd8 21.
Qa5 Nc8 22. b4 Rd5 23. Qa4 a6 24. Rc5 Rcd7 25. Rdc1 Na7 26. Qb3 Qd8 27. h3 Rxc5
28. bxc5 Nb5 29. a4 Na7 30. Bc3 Kf8 31. Bb4 Kg8 32. Qc3 h6 33. Ba5 Qe7 34. Rb1
Nc8 35. Rb3 Kh7 36. Qb2 Kg8 37. Bc3 f6 38. Nd2 e5 39. Nc4 exd4 40. Bxd4 Kh7 41.
Na5 Qf7 42. Nxb7 Qc4 43. Rb4 Qd3 44. Na5 Ne7 45. Rb7 Rxb7 46. Qxb7 Qd1+ 47. Kh2
Nd5 48. Qxc6 Qh5 49. Qxa6 g5 50. Qb7 g4 51. Qb1+ Kg8 52. Qe4 gxh3 53. gxh3 Qf7
1-0

[Event "OHS 2018"]
[Site "?"]
[Date "2018.02.26"]
[Round "4.9"]
[White "Bleich, Karl-Heinz"]
[Black "Gregoritsch, Dirk"]
[Result "0-1"]
[WhiteElo "1560"]
[BlackElo "1725"]
[PlyCount "98"]
[EventDate "2018.??.??"]
[WhiteTeam "SV Springer Recklinghausen-Süd 1"]
[BlackTeam "SC Doppelbauer Brambauer"]

1. d4 Nf6 2. c4 e6 3. Nc3 Bb4 4. Qc2 b6 5. Nf3 Bb7 6. Bg5 h6 7. Bh4 g5 8. Bg3
Ne4 9. a3 Nxg3 10. hxg3 Bxc3+ 11. Qxc3 d6 12. d5 e5 13. Nxe5 dxe5 14. Qxe5+ Kd7
15. d6 Qe8 16. Qf6 c5 17. Rd1 Nc6 18. e3 Qe6 19. Qc3 Qe5 20. Qc2 Nd8 21. b4 Ne6
22. Qd2 Rac8 23. b5 Rce8 24. a4 Nd4 25. Be2 Nxe2 26. Qxe2 Bxg2 27. Rg1 Be4 28.
f4 gxf4 29. gxf4 Qf5 30. Kf2 Qf6 31. Qg4+ Bf5 32. Qg3 h5 33. a5 h4 34. Qg2 Qb2+
35. Kf1 Qxg2+ 36. Rxg2 Bh3 37. axb6 axb6 38. Kf2 Bxg2 39. Kxg2 h3+ 40. Kf2 h2
41. Rh1 Reg8 42. Kf1 Rg1+ 43. Rxg1 hxg1=Q+ 44. Kxg1 Kxd6 45. Kf2 Rh2+ 46. Kf3
Rc2 47. e4 Rxc4 48. e5+ Ke6 49. Kg4 Rd4 0-1

[Event "OHS 2018"]
[Site "?"]
[Date "2018.02.26"]
[Round "4.10"]
[White "Krolik, Wilfried"]
[Black "Demond, Ricardo"]
[Result "1/2-1/2"]
[WhiteElo "1500"]
[BlackElo "1655"]
[PlyCount "44"]
[EventDate "2018.??.??"]
[WhiteTeam "SV Waltrop 1922 e.V."]
[BlackTeam "SC Buer-Hassel 1919 e.V."]

1. e4 e5 2. Nf3 d6 3. Nc3 Nf6 4. d4 exd4 5. Nxd4 Be7 6. h3 Bd7 7. Be3 Nc6 8.
Be2 Nxd4 9. Bxd4 a6 10. O-O O-O 11. Re1 Bc6 12. Bf3 Nd7 13. Nd5 Ne5 14. b3 Bxd5
15. exd5 Bf6 16. Be4 Re8 17. c4 Nd7 18. Rc1 Bxd4 19. Qxd4 Qf6 20. Qxf6 Nxf6 21.
Bf3 Kf8 22. Kf1 Rxe1+ 1/2-1/2

[Event "OHS 2018"]
[Site "?"]
[Date "2018.02.26"]
[Round "4.11"]
[White "Illner, Jan"]
[Black "Gausmann, Thomas"]
[Result "1/2-1/2"]
[WhiteElo "1473"]
[BlackElo "1643"]
[PlyCount "38"]
[EventDate "2018.??.??"]
[WhiteTeam "SG Bochum 1931"]
[BlackTeam "SG Bochum 1931"]

1. e4 c5 2. Nf3 Nc6 3. d4 cxd4 4. Nxd4 Nf6 5. Nc3 e6 6. Nxc6 bxc6 7. e5 Nd5 8.
Nxd5 cxd5 9. Bd3 d6 10. exd6 Bxd6 11. O-O O-O 12. c3 a5 13. Qc2 g6 14. Be3 Ba6
15. f4 Qc7 16. Bxa6 Rxa6 17. Rf3 Rc6 18. Rd1 Bc5 19. Bxc5 Rxc5 1/2-1/2

[Event "OHS 2018"]
[Site "?"]
[Date "2018.02.26"]
[Round "4.12"]
[White "Kümmel, Hans-Jürgen"]
[Black "Hoffmann, Klaus"]
[Result "1/2-1/2"]
[WhiteElo "1278"]
[BlackElo "1636"]
[PlyCount "70"]
[EventDate "2018.??.??"]
[WhiteTeam "SV Günnigfeld 1922 e.V"]
[BlackTeam "SG Höntrop 1947"]

1. d4 d5 2. c4 e6 3. Nc3 Nf6 4. Nf3 c5 5. Bg5 cxd4 6. Qxd4 Nc6 7. Bxf6 Nxd4 8.
Bxd8 Nxf3+ 9. exf3 Kxd8 10. cxd5 Bb4 11. Bc4 exd5 12. Bxd5 Re8+ 13. Kf1 Re7 14.
g4 Be6 15. Bxe6 Rxe6 16. Rd1+ Ke8 17. Nd5 Ba5 18. Kg2 Rc8 19. b3 Rc2 20. Rc1
Ree2 21. Rxc2 Rxc2 22. b4 Bd8 23. Re1+ Kd7 24. Rd1 Kc8 25. a4 b6 26. Kg3 Ra2
27. Nc3 Bc7+ 28. Kg2 Ra3 29. Nb5 Rxa4 30. Rc1 Rxb4 31. Nxa7+ Kb7 32. Nc6 Rb5
33. Nd4 Rc5 34. Rb1 Ka6 35. Ra1+ Ra5 1/2-1/2

[Event "OHS 2018"]
[Site "?"]
[Date "2018.02.26"]
[Round "4.13"]
[White "Hoffmann, Gary"]
[Black "Lojack, Rouven"]
[Result "1/2-1/2"]
[WhiteElo "1574"]
[BlackElo "1476"]
[PlyCount "89"]
[EventDate "2018.??.??"]
[WhiteTeam "SG Höntrop 1947"]
[BlackTeam "SV Königsspringer Halt"]

1. d4 Nf6 2. c4 e6 3. g3 Bb4+ 4. Bd2 a5 5. Bg2 O-O 6. e4 d5 7. e5 Bxd2+ 8. Nxd2
Ne8 9. cxd5 exd5 10. Qb3 c6 11. a4 Na6 12. Rc1 Nb4 13. Ne2 Bf5 14. O-O Bd3 15.
Rfe1 Qg5 16. Nf4 Bf5 17. Nf3 Qd8 18. Nh4 Bc2 19. Qf3 f5 20. Ne6 Qe7 21. Nxf8
Qxf8 22. Qc3 Bxa4 23. Qf3 g6 24. Re3 Nc2 25. Rd3 Qb4 26. b3 Nxd4 27. Rxd4 Qxd4
28. bxa4 Qxa4 29. Qc3 Nc7 30. Qc5 Qb4 31. Qxb4 axb4 32. Nf3 Ne6 33. Rb1 c5 34.
Ne1 Rd8 35. Nc2 b5 36. Nxb4 cxb4 37. Rxb4 Nc7 38. f4 Kf7 39. Kf2 Ra8 40. Rb1
Ra2+ 41. Kf3 Ke6 42. Bf1 Rxh2 43. Bxb5 Nxb5 44. Rxb5 d4 45. Rb6+ 1/2-1/2

[Event "OHS 2018"]
[Site "?"]
[Date "2018.02.26"]
[Round "4.14"]
[White "Jaruschowitz, Roman"]
[Black "Kleinert, Andreas"]
[Result "0-1"]
[WhiteElo "1383"]
[BlackElo "1779"]
[PlyCount "100"]
[EventDate "2018.??.??"]
[WhiteTeam "SK Sodingen/Castrop 24/23 e.V."]
[BlackTeam "SF Gelsenkirchen 2002"]

1. e4 e5 2. Nf3 Nc6 3. Bc4 Nf6 4. Nc3 Be7 5. O-O Nxe4 6. Qe2 Nxc3 7. dxc3 d6 8.
a4 a5 9. Rd1 O-O 10. Bb5 Bd7 11. h3 f5 12. Bc4+ Kh8 13. Bd5 Rb8 14. Re1 Bf6 15.
Nh2 Ne7 16. Bb3 Ng6 17. Qc4 c6 18. Bd2 Qc7 19. Nf3 f4 20. Rad1 d5 21. Qe2 e4
22. Nd4 Bxd4 23. cxd4 f3 24. Qf1 fxg2 25. Qxg2 Nh4 26. Qg3 Qxg3+ 27. fxg3 Nf3+
28. Kg2 Nxe1+ 29. Rxe1 b6 30. Bf4 Rb7 31. c4 Be6 32. cxd5 Bxd5 33. Bc2 Rd7 34.
Re3 Kg8 35. h4 Re8 36. b3 Kf7 37. Kf2 h6 38. Bd1 Kf6 39. Rc3 g5 40. Be5+ Rxe5
41. dxe5+ Kxe5 42. hxg5 Rf7+ 43. Ke3 hxg5 44. Be2 Rh7 45. Kd2 Kd4 46. Re3 Rh2
47. g4 c5 48. Rg3 c4 49. bxc4 Bxc4 50. Re3 Rg2 0-1

[Event "OHS 2018"]
[Site "?"]
[Date "2018.03.05"]
[Round "5.1"]
[White "Wolff, Christoph"]
[Black "Eckert, Marius"]
[Result "1/2-1/2"]
[WhiteElo "1948"]
[BlackElo "1979"]
[PlyCount "21"]
[EventDate "2018.??.??"]
[WhiteTeam "SC Buer-Hassel 1919 e.V."]
[BlackTeam "SV Waltrop 1922 e.V."]

1. e4 e5 2. Bc4 Nf6 3. d3 c6 4. Nf3 Be7 5. O-O d6 6. Nbd2 Nbd7 7. Re1 Nf8 8. d4
Ng6 9. Nf1 O-O 10. c3 exd4 11. Nxd4 1/2-1/2